000 00443nam a2200169Ia 4500
008 230718s9999 xx 000 0 und d
020 _a9789352775873
041 _aeng
082 _a364.152'3
_bSIN
100 _aSinh G.
_9201194
245 _aThe Miss India Murders
260 _c2018
_bHarper Black
300 _a242
365 _cRs.
_b299.00
700 _aSinh G.
_9201194
906 _dO:0618020-Oct-2018B:476224-Sep-2018
_cGENRL
_b65.78
999 _c348745
_d348745